| 000 | 00569nam a22002057a 4500 | ||
|---|---|---|---|
| 003 | OSt | ||
| 005 | 20140310181705.0 | ||
| 008 | 121120t xxu||||| |||| 00| 0 eng d | ||
| 020 | _a0440412110 | ||
| 050 |
_aPZ 7 _b.P32 1997 |
||
| 082 |
_aKF _bP28wa 1997 |
||
| 100 |
_aPaulsen, Gary _95626 |
||
| 245 |
_aThe Creature of Black Water Lake / _cGary Paulsen. |
||
| 260 |
_aNew York: _bBantam Doubleday Dell Publishing Group, Inc, _c1997. |
||
| 300 |
_g19 cm. _a68 p. : |
||
| 541 | _j1 | ||
| 562 | _e1 | ||
| 650 |
_aKiddie Feature. _95896 |
||
| 942 |
_2lcc _cBK-KF _kKF |
||
| 999 |
_c1286 _d1286 |
||